| 000 | 00858nam a2200253 a 4500 | ||
|---|---|---|---|
| 001 | 000038067 | ||
| 003 | DO-SdBNP | ||
| 005 | 20250630104810.0 | ||
| 008 | 130312s2012 dr 001 f spa d | ||
| 020 | _a9789945489446 | ||
| 040 |
_aDO-SdBNP _bspa _cBNPHU |
||
| 082 |
_aRD863.44 _bO96c |
||
| 100 | 1 |
_aOviedo, Luis Tomás, _d1952- _933188 |
|
| 245 | 1 | 0 |
_aCoraje, salitre y gloria / _cLuis Tomás Oviedo. |
| 260 |
_aSanto Domingo : _bSantuario, _c2012. |
||
| 300 |
_a299 p ; _c24 cm. |
||
| 500 | _aIncluye datos biográficos del autor en la solapa de la cubierta. | ||
| 590 | _aInventariado, 2020/MAA | ||
| 650 | 0 |
_aNovela histórica dominicana. _9860 |
|
| 650 | 0 |
_aLiteratura dominicana. _967 |
|
| 651 | 0 |
_aREPÚBLICA DOMINICANA _xHISTORIA _yERA DE TRUJILLO, 1930-1961 _xNOVELA _921999 |
|
| 910 | _aValidado. Control de calidad EMS. | ||
| 942 |
_2ddc _cLBS1 |
||
| 999 |
_c37557 _d37557 |
||